<?xml version="1.0" encoding="UTF-8"?>
<record
    xmlns:xsi="http://www.w3.org/2001/XMLSchema-instance"
    xsi:schemaLocation="http://www.loc.gov/MARC21/slim http://www.loc.gov/standards/marcxml/schema/MARC21slim.xsd"
    xmlns="http://www.loc.gov/MARC21/slim">

  <leader>01071nam a2200253 a 4500</leader>
  <controlfield tag="001">71231</controlfield>
  <controlfield tag="003">BD-RjUL</controlfield>
  <controlfield tag="005">20211209082106.0</controlfield>
  <controlfield tag="008">170429s1986    bg a|||| |||| 00| 0 ben d</controlfield>
  <datafield tag="035" ind1=" " ind2=" ">
    <subfield code="a">(BD-RjUL)71446</subfield>
  </datafield>
  <datafield tag="040" ind1=" " ind2=" ">
    <subfield code="a">BD-RjUL</subfield>
    <subfield code="b">ben</subfield>
    <subfield code="c">BD-RjUL</subfield>
  </datafield>
  <datafield tag="041" ind1=" " ind2=" ">
    <subfield code="a">ben</subfield>
  </datafield>
  <datafield tag="082" ind1=" " ind2=" ">
    <subfield code="2">23</subfield>
    <subfield code="a">621.2</subfield>
    <subfield code="b">SIP 1986</subfield>
  </datafield>
  <datafield tag="100" ind1=" " ind2=" ">
    <subfield code="a">&#x9B8;&#x9BF;&#x9A6;&#x9CD;&#x9A6;&#x9BF;&#x995;, &#x9AE;&#x9CB;: &#x986;&#x9AC;&#x9C1; &#x9AC;&#x995;&#x9B0; </subfield>
    <subfield code="9">210754</subfield>
  </datafield>
  <datafield tag="245" ind1="1" ind2="0">
    <subfield code="a">&#x9AA;&#x9BE;&#x9AE;&#x9CD;&#x9AA;&#x9B8;,&#x995;&#x9AE;&#x9CD;&#x9AA;&#x9CD;&#x9B0;&#x9C7;&#x9B8;&#x9B0;&#x9B8; &#x993; &#x9B9;&#x9BE;&#x987;&#x9A1;&#x9CD;&#x9B0;&#x9B2;&#x9BF;&#x995; &#x9AE;&#x9C7;&#x9B6;&#x9BF;&#x9A8; /</subfield>
    <subfield code="c">&#x986;&#x9AC;&#x9C1; &#x9AC;&#x995;&#x9B0; &#x9B8;&#x9BF;&#x9A6;&#x9CD;&#x9A6;&#x9BF;&#x995;</subfield>
  </datafield>
  <datafield tag="260" ind1=" " ind2=" ">
    <subfield code="a">&#x9A2;&#x9BE;&#x995;&#x9BE; :</subfield>
    <subfield code="b">&#x9AC;&#x9BE;&#x982;&#x9B2;&#x9BE; &#x98F;&#x995;&#x9BE;&#x9A1;&#x9C7;&#x9AE;&#x9C0;,</subfield>
    <subfield code="c">&#x9E7;&#x9EF;&#x9EE;&#x9EC;</subfield>
  </datafield>
  <datafield tag="300" ind1=" " ind2=" ">
    <subfield code="a">&#x996;&#x9A8;&#x9CD;&#x9A1;. :</subfield>
    <subfield code="b">&#x99A;&#x9BF;&#x9A4;&#x9CD;&#x9B0; ;</subfield>
    <subfield code="c">&#x9E8;&#x9E9; &#x9B8;&#x9C7;&#x9AE;&#x9BF;.</subfield>
  </datafield>
  <datafield tag="500" ind1=" " ind2=" ">
    <subfield code="a">[&#x9AA;&#x9CD;&#x9B0;&#x9A5;&#x9AE;, &#x9A6;&#x9CD;&#x9AC;&#x9BF;&#x9A4;&#x9C0;&#x9AF;&#x9BC;. &#x9A4;&#x9C3;&#x9A4;&#x9C0;&#x9AF;&#x9BC; &#x993; &#x99A;&#x9A4;&#x9C1;&#x9B0;&#x9CD;&#x9A5; &#x996;&#x9A8;&#x9CD;&#x9A1; ]</subfield>
  </datafield>
  <datafield tag="650" ind1=" " ind2=" ">
    <subfield code="a">&#x99C;&#x9B2;&#x9AC;&#x9BE;&#x9B9;&#x9C0; &#x9AF;&#x9A8;&#x9CD;&#x9A4;&#x9CD;&#x9B0;&#x9AA;&#x9BE;&#x9A4;&#x9BF;</subfield>
    <subfield code="9">210755</subfield>
  </datafield>
  <datafield tag="650" ind1=" " ind2=" ">
    <subfield code="a">&#x9AA;&#x9BE;&#x9AE;&#x9CD;&#x9AA;&#x9BF;&#x982; &#x9AF;&#x9A8;&#x9CD;&#x9A4;&#x9CD;&#x9B0;&#x9AA;&#x9BE;&#x9A4;&#x9BF;</subfield>
    <subfield code="9">210756</subfield>
  </datafield>
  <datafield tag="650" ind1=" " ind2=" ">
    <subfield code="a">Hydraulic machinery</subfield>
    <subfield code="9">119789</subfield>
  </datafield>
  <datafield tag="650" ind1=" " ind2=" ">
    <subfield code="a">Pumping machinery</subfield>
    <subfield code="9">210757</subfield>
  </datafield>
  <datafield tag="942" ind1=" " ind2=" ">
    <subfield code="2">ddc</subfield>
    <subfield code="c">BK</subfield>
  </datafield>
  <datafield tag="999" ind1=" " ind2=" ">
    <subfield code="c">71231</subfield>
    <subfield code="d">71231</subfield>
  </datafield>
  <datafield tag="952" ind1=" " ind2=" ">
    <subfield code="0">0</subfield>
    <subfield code="1">0</subfield>
    <subfield code="2">ddc</subfield>
    <subfield code="4">0</subfield>
    <subfield code="7">1</subfield>
    <subfield code="8">NFIC</subfield>
    <subfield code="a">RUCL</subfield>
    <subfield code="b">RUCL</subfield>
    <subfield code="c">Reading</subfield>
    <subfield code="d">1990-06-29</subfield>
    <subfield code="e">Bangla Academy, Dhaka</subfield>
    <subfield code="g">160.00</subfield>
    <subfield code="l">0</subfield>
    <subfield code="o">B 621.2 SIP 1986</subfield>
    <subfield code="r">2017-04-29 00:00:00</subfield>
    <subfield code="t">C-1</subfield>
    <subfield code="w">2017-04-29</subfield>
    <subfield code="y">BK</subfield>
  </datafield>
</record>
